Statistics for Highest Rated Men’s Players On EAFC 24

Click here to take the quiz!

General Stats

  • This quiz has been taken 652 times
  • The average score is 12 of 12

Answer Stats

RatingClubPosAnswer% Correct
91Manchester CitySTErling Haaland
100%
91Paris Saint-GermainSTKylian Mbappe
100%
90Bayern MunichSTHarry Kane
99%
90Al-IttihadCFKarim Benzema
99%
91Manchester CityCMKevin De Bruyne
99%
90Inter MiamiCFLionel Messi
99%
89LiverpoolCBVirgil Van Dijk
99%
89LiverpoolRWMohamed Salah
98%
90Real MadridGKThibaut Courtois
98%
89Al-HilalLWNeymar Jr
97%
90BarcelonaSTRobert Lewandowski
97%
89Real MadridLWVinicius Jr
95%

Score Distribution

Percentile by Number Answered

Percent of People with Each Score

Your Score History

You have not taken this quiz